Civilizaciones Antiguas
Guardado en:
| Autor principal: | |
|---|---|
| Formato: | Libro |
| Lenguaje: | español |
| Publicado: |
Barcelona
Gustavo Gili
1924
|
| Materias: | |
| Etiquetas: |
Agregar Etiqueta
Sin Etiquetas, Sea el primero en etiquetar este registro!
|
MARC
| LEADER | 00000nam a2200000 a 4500 | ||
|---|---|---|---|
| 001 | UCP9387 | ||
| 003 | CL-VaPUC | ||
| 008 | 000324e19240000SP |||||||||||||||||spa|d | ||
| 082 | 0 | 4 | |a 937 |b LAM |2 21 |
| 100 | |a Lamer, Hans |e author |9 440443 | ||
| 245 | 1 | 0 | |a Civilizaciones Antiguas |
| 300 | |a v | ||
| 942 | |c BK | ||
| 945 | |d 20000324 00:00:00 |a rherrera | ||
| 260 | |a Barcelona |b Gustavo Gili |c 1924 | ||
| 500 | |a v.1: La Civilización Romana | ||
| 650 | 0 | |a Historia antigua |9 267521 | |
| 650 | 0 | |a Civilizaciones antiguas |9 265998 | |
| 650 | 7 | |a ROMA |2 CL-VaPUC |9 317375 | |
| 650 | 7 | |a RELIGION ROMANA |2 CL-VaPUC |9 439923 | |
| 650 | 0 | |a Arquitectura romana |9 314422 | |
| 650 | 0 | |a Arte romano |9 267838 | |
| 650 | 0 | |a Educación |9 258661 | |
| 583 | |a last modification |c 20000324 00:00:00 |k Rodrigo Vera | ||
| 999 | |c 286202 |d 286200 | ||
| 952 | |0 0 |1 0 |4 0 |6 937_000000000000000_LAM_1924 |7 0 |8 X |9 331701 |a BIBHIS |b BIBHIS |d 2019-11-20 |h v.1 |i 1389270 |o 937 LAM 1924 |p 1389270 |r 2024-01-30 |w 2019-11-20 |y BK_X |k HIS | ||